000 00411nam a2200181Ia 4500
001 10792
005 20260306161858.0
008 260306t2007||||xx |||||||||||||| ||spa||
041 _aESP
082 _a954.0092
_bG23
100 _aGhandi, Mohandas
_eAUT
245 0 _aAutobiografĂ­a
260 _c2007
300 _a221 páginas :
_c21 cm.
650 _aGEN
654 _aCHU
942 _cLIB
_dJUS
_fJUS
_2ddc
_n
999 _c10792
_d10792